Słynne obrazy do artystów - klikanie - Statystyki

Ogólne statystyki
  • Ten quiz został rozwiązany 3 524 razy
  • Średni wynik to 9 z 22
Statystyki odpowiedzi
Hint Odpowiedź % Poprawnych
Michał Anioł
78%
Vincent Van Gogh
74%
Leonardo da Vinci
73%
Salvador Dali
66%
Banksy
64%
Edvard Munch
58%
Pablo Picasso
58%
Frida Kahlo
53%
Andy Warhol
52%
Claude Monet
46%
Gustav Klimt
44%
Sandro Botticelli
42%
Rembrandt
38%
Peter Paul Rubens
38%
Johannes Vermeer
30%
Edward Hopper
25%
Paul Gauguin
24%
Mark Rothko
19%
William Turner
17%
Marcel Duchamp
16%
Henri Matisse
16%
L. S. Lowry
15%
Nie znaleziono quizów pasujących do podanych kryteriów
Rozkład punktacji
Procent ludzi z każdym wynikiem
Percentyl według liczby udzielonych odpowiedzi
Twoja historia wyników
Nie rozwiązałeś tego quizu